[Event "Wch Seniors (Women) 20th"]
[Site "Arco"]
[Date "2010.11.04"]
[Round "7"]
[White "Di Cicco, Daniela"]
[Black "Benova, Zita"]
[Result "0-1"]
[WhiteElo "1539"]
[BlackElo "1750"]
[PlyCount "166"]
[EventDate "2010.10.26"]
[EventType "swiss"]
[EventRounds "9"]
[EventCountry "ITA"]
[SourceTitle "EXT 2011"]
[Source "ChessBase"]
[SourceDate "2010.11.26"]
[SourceVersion "1"]
[SourceVersionDate "2010.11.26"]
[SourceQuality "1"]

1. d4 Nf6 2. Nf3 g6 3. Bf4 d6 4. h3 Bg7 5. Nbd2 Nd5 6. Bh2 Nd7 7. c3 a6 8. e3 0-0 9. Be2 c6 10. 0-0 e5 11. Ne4 Qc7 12. Qc2 N5f6 13. Nfd2 Nxe4 14. Nxe4 d5 15. Nd2 Qd8 16. e4 exd4 17. cxd4 dxe4 18. Qxe4 Re8 19. Qd3 Nb6 20. Nf3 Nd5 21. a3 Bf5 22. Qd2 Qe7 23. Rfe1 Qd7 24. Bf1 Nf6 25. Ng5 Qd8 26. Rad1 Nd5 27. Bd3 Bxd3 28. Qxd3 f6 29. Nf3 Qb6 30. Qd2 Rad8 31. Qc2 Rxe1+ 32. Rxe1 Bf8 33. Re6 Kf7 34. Re4 Bd6 35. Bxd6 Rxd6 36. Qd2 Kg7 37. g3 Qd8 38. Nh4 Qd7 39. g4 Re6 40. f3 Nb6 41. b3 Rxe4 42. fxe4 Qd6 43. Kg2 Qxa3 44. Qc2 Qd6 45. Qc3 Nd7 46. b4 Nf8 47. Nf3 Nd7 48. e5 fxe5 49. dxe5 Qe6 50. Kg3 h6 51. h4 Nb6 52. Qc5 Nd7 53. Qd6 Qxd6 54. exd6 Kf6 55. g5+ hxg5 56. hxg5+ Ke6 57. Nh4 Nf8 58. Kf4 Kxd6 59. Ke4 b6 60. Nf3 c5 61. bxc5+ bxc5 62. Ne5 Ke6 63. Nc4 Nh7 64. Kf4 Kd5 65. Ne5 Nxg5 66. Nd3 Ne6+ 67. Ke3 g5 68. Kd2 a5 69. Nb2 g4 70. Ke3 Ng5 71. Na4 Ne6 72. Nb6+ Kc6 73. Nc4 Kb5 74. Nd2 a4 75. Nb1 Kc4 76. Nd2+ Kc3 77. Ne4+ Kb2 78. Nd2 Kc2 79. Nc4 Nd4 80. Kf4 Nb5 81. Ne3+ Kb3 82. Ke4 a3 83. Kd5 a2 0-1

[Event "Bratislava Doprastav op"]
[Site "Bratislava"]
[Date "2009.07.08"]
[Round "6"]
[White "Benova, Zita"]
[Black "Vrbiar, Tomas"]
[Result "1/2-1/2"]
[WhiteElo "1753"]
[BlackElo "1464"]
[PlyCount "114"]
[EventDate "2009.07.04"]
[EventType "swiss"]
[EventRounds "9"]
[EventCountry "SVK"]
[SourceTitle "EXT 2015"]
[Source "ChessBase"]
[SourceDate "2014.11.20"]
[SourceVersion "1"]
[SourceVersionDate "2014.11.20"]
[SourceQuality "1"]

1. e4 c6 2. Nf3 d5 3. exd5 cxd5 4. c3 Nc6 5. d4 Nf6 6. Be2 e6 7. Bg5 h6 8. Bf4 Bd6 9. Bxd6 Qxd6 10. 0-0 0-0 11. Re1 Re8 12. Bb5 a6 13. Bxc6 bxc6 14. Nbd2 Rb8 15. b3 c5 16. Nf1 cxd4 17. cxd4 Ne4 18. Ne5 Qb6 19. Rc1 Rb7 20. f3 Nd6 21. Rc6 Qd8 22. Qc1 Rb6 23. Qc5 Rxc6 24. Qxc6 Bb7 25. Qc5 Re7 26. Nc6 Bxc6 27. Qxc6 Ra7 28. Rc1 Qd7 29. Qc3 Nb5 30. Qe3 Rc7 31. Rc5 Nd6 32. Ng3 Nb7 33. Rxc7 Qxc7 34. Ne2 Qc2 35. a4 Na5 36. Nc1 Nc6 37. Ne2 Nb4 38. Nc1 Qb1 39. Kf2 Nc2 40. Qd2 Nxd4 41. Qxd4 Qxc1 42. Qd3 Qc5+ 43. Kg3 d4 44. Qxa6 Qc3 45. Qc4 Qe1+ 46. Kh3 Qe3 47. a5 d3 48. Qc3 Qe2 49. a6 d2 50. a7 d1Q 51. a8Q+ Kh7 52. Qe4+ Qxe4 53. fxe4 f5 54. Qf3 Qc2 55. exf5 exf5 56. g4 fxg4+ 57. Kxg4 Qxh2 1/2-1/2

[Event "Bratislava Doprastav op"]
[Site "Bratislava"]
[Date "2008.07.03"]
[Round "7"]
[White "Benova, Zita"]
[Black "Kassovic, Jaroslav"]
[Result "0-1"]
[WhiteElo "1811"]
[BlackElo "1972"]
[PlyCount "59"]
[EventDate "2008.06.28"]
[EventType "swiss"]
[EventRounds "7"]
[EventCountry "SVK"]
[SourceTitle "CBM 125 Extra"]
[Source "ChessBase"]
[SourceDate "2008.09.01"]
[SourceVersion "1"]
[SourceVersionDate "2008.09.01"]
[SourceQuality "1"]

1. e4 e5 2. Nf3 Nc6 3. d4 exd4 4. Nxd4 Bc5 5. Nf3 Nf6 6. Bd3 0-0 7. 0-0 Ng4 8. h3 Nge5 9. a3 Qf6 10. Nbd2 d6 11. Nxe5 Nxe5 12. Nb3 Bb6 13. Qe2 Be6 14. Be3 Bxe3 15. fxe3 Qg6 16. Nd4 Bxh3 17. Kh2 Bd7 18. Rf4 a6 19. Rh1 Nxd3 20. cxd3 f5 21. exf5 Bxf5 22. Nxf5 Rxf5 23. Rh4 Raf8 24. d4 d5 25. Kg1 Qf6 26. R1h3 Rf1+ 27. Kh2 Qd6+ 28. Rg3 Rh1+ 29. Kxh1 Qxg3 30. Qh5 0-1

[Event "Bratislava Doprastav op"]
[Site "Bratislava"]
[Date "2008.06.29"]
[Round "2"]
[White "Pozsar, Peter"]
[Black "Benova, Zita"]
[Result "1/2-1/2"]
[WhiteElo "1693"]
[BlackElo "1811"]
[PlyCount "93"]
[EventDate "2008.06.28"]
[EventType "swiss"]
[EventRounds "7"]
[EventCountry "SVK"]
[SourceTitle "CBM 125 Extra"]
[Source "ChessBase"]
[SourceDate "2008.09.01"]
[SourceVersion "1"]
[SourceVersionDate "2008.09.01"]
[SourceQuality "1"]

1. d4 d5 2. Nf3 Nf6 3. c4 c6 4. e3 Bg4 5. h3 Bh5 6. c5 Nbd7 7. b4 Bxf3 8. Qxf3 e5 9. Nc3 e4 10. Qd1 a6 11. a4 Be7 12. Bd2 0-0 13. Be2 Ne8 14. Rb1 f5 15. b5 Bg5 16. g3 Nc7 17. 0-0 Ne6 18. f4 Bf6 19. Be1 g6 20. Kh2 Kh8 21. g4 Be7 22. Rg1 Rg8 23. Bg3 Bf6 24. g5 Bg7 25. Rb3 Qc7 26. Qf1 axb5 27. axb5 Rgb8 28. b6 Qd8 29. Be1 Ra1 30. h4 Rba8 31. Qh3 Nxd4 32. exd4 Bxd4 33. Rf1 Nxc5 34. h5 Qe8 35. Rb4 Rxe1 36. Rxd4 Rxf1 37. Qxf1 Ne6 38. Ra4 Rxa4 39. Nxa4 Qa8 40. Qa1+ Kg8 41. h6 Qb8 42. Qe5 Qxe5 43. fxe5 Kf7 44. Ba6 Nd8 45. Be2 Ke6 46. Bh5 Kf7 47. Be2 1/2-1/2

[Event "Bratislava-ch"]
[Site "Bratislava"]
[Date "2003.04.12"]
[Round "8"]
[White "Soos, Vladimir"]
[Black "Benova, Zita"]
[Result "1/2-1/2"]
[WhiteElo "1838"]
[BlackElo "1809"]
[PlyCount "62"]
[EventDate "2003.03.??"]
[EventType "swiss"]
[EventRounds "9"]
[EventCountry "SVK"]
[SourceTitle "EXT 2006"]
[Source "ChessBase"]
[SourceDate "2005.11.24"]
[SourceVersion "1"]
[SourceVersionDate "2005.11.24"]
[SourceQuality "1"]

1. e4 g6 2. d4 d6 3. Nc3 Bg7 4. f4 Nd7 5. Nf3 e6 6. Be3 Nb6 7. Qd2 Bd7 8. 0-0-0 Qe7 9. Bd3 0-0-0 10. g4 Qf8 11. h3 Ne7 12. Rhe1 h5 13. g5 d5 14. Qe2 dxe4 15. Bxe4 Ned5 16. Nxd5 exd5 17. Bd3 Bxh3 18. Ne5 Bxe5 19. fxe5 Bg4 20. Qf2 Bxd1 21. Rxd1 Qe7 22. Rf1 Rhf8 23. Bd2 Nd7 24. c4 c6 25. cxd5 cxd5 26. Kb1 Kb8 27. a3 Rc8 28. Qg3 Ka8 29. Bb4 Qe6 30. Bxf8 Rxf8 31. Bb5 Rd8 1/2-1/2

[Event "Bratislava-ch"]
[Site "Bratislava"]
[Date "2003.04.05"]
[Round "4"]
[White "Benova, Zita"]
[Black "Samko, Karol"]
[Result "1/2-1/2"]
[WhiteElo "1809"]
[BlackElo "1974"]
[PlyCount "47"]
[EventDate "2003.03.??"]
[EventType "swiss"]
[EventRounds "9"]
[EventCountry "SVK"]
[SourceTitle "EXT 2006"]
[Source "ChessBase"]
[SourceDate "2005.11.24"]
[SourceVersion "1"]
[SourceVersionDate "2005.11.24"]
[SourceQuality "1"]

1. e4 c5 2. Nf3 Nc6 3. Nc3 d6 4. d3 g6 5. g3 Bg7 6. Bg2 e6 7. Be3 Nge7 8. Qd2 Nd4 9. Nd1 Nec6 10. c3 Nxf3+ 11. Bxf3 0-0 12. h4 Bd7 13. h5 Qe7 14. Be2 d5 15. Bh6 f5 16. Bxg7 Qxg7 17. hxg6 hxg6 18. exd5 exd5 19. Ne3 d4 20. Ng2 Ne7 21. Bf3 Qe5+ 22. Kf1 Bc6 23. Re1 Qg7 24. Bxc6 1/2-1/2

[Event "Bratislava-ch"]
[Site "Bratislava"]
[Date "2003.04.03"]
[Round "3"]
[White "Polacik, Igor"]
[Black "Benova, Zita"]
[Result "1/2-1/2"]
[WhiteElo "1954"]
[BlackElo "1809"]
[PlyCount "41"]
[EventDate "2003.03.??"]
[EventType "swiss"]
[EventRounds "9"]
[EventCountry "SVK"]
[SourceTitle "EXT 2006"]
[Source "ChessBase"]
[SourceDate "2005.11.24"]
[SourceVersion "1"]
[SourceVersionDate "2005.11.24"]
[SourceQuality "1"]

1. d4 Nf6 2. Nf3 d6 3. c4 Bg4 4. e3 Nbd7 5. h3 Bh5 6. Nc3 e5 7. Be2 Bg6 8. 0-0 Be7 9. Qb3 Qc8 10. Bd2 0-0 11. Nh4 c6 12. Nxg6 hxg6 13. Rac1 Qc7 14. Qc2 Nh7 15. b4 Qd8 16. f4 exd4 17. exd4 f5 18. Kh1 Bf6 19. Be3 Re8 20. Bg1 Nhf8 21. d5 1/2-1/2

[Event "Bratislava Slovan op"]
[Site "Bratislava"]
[Date "2003.??.??"]
[Round "?"]
[White "Benova, Zita"]
[Black "Muehlenhaus, Sven"]
[Result "0-1"]
[WhiteElo "1800"]
[BlackElo "2210"]
[PlyCount "72"]
[EventDate "2003.04.??"]
[EventType "swiss"]
[EventRounds "9"]
[EventCountry "SVK"]
[SourceTitle "EXT 2005"]
[Source "ChessBase"]
[SourceDate "2004.11.15"]
[SourceVersion "1"]
[SourceVersionDate "2004.11.15"]
[SourceQuality "1"]

1. e4 c5 2. Nf3 d6 3. Nc3 Nf6 4. d4 cxd4 5. Nxd4 Nc6 6. Be2 e5 7. Nxc6 bxc6 8. 0-0 Be7 9. Be3 0-0 10. Qc1 Ng4 11. Bd2 d5 12. Bxg4 Bxg4 13. f3 Be6 14. Kh1 f5 15. exd5 cxd5 16. Qe1 Bf6 17. Ne2 Bc8 18. c3 Ba6 19. b3 Re8 20. Rf2 d4 21. c4 e4 22. Ba5 Qd6 23. Bb4 Qc6 24. fxe4 fxe4 25. Nf4 e3 26. Rf3 Qe4 27. Nd5 Be5 28. Rc1 Bb7 29. Ne7+ Kh8 30. Nf5 Qg4 31. Nh4 Bxf3 32. Nxf3 d3 33. Qxe3 Bb2 34. Qg1 Bxc1 35. Qxc1 Re2 36. Qg1 Rae8 0-1